| 000 | 02269nam a22004217a 4500 | ||
|---|---|---|---|
| 001 | 60585 | ||
| 003 | CO-BoRNBP | ||
| 005 | 20260225125541.0 | ||
| 007 | ta | ||
| 008 | 250630s2024 ck a bo 000 j spa d | ||
| 020 | _a9789587535884 | ||
| 040 |
_aCO-BoOSI _bspa _cCO-BoOSI _erda |
||
| 041 | 0 | _aspa | |
| 082 | 0 | 4 |
_2863.01 _aR666e _b23 |
| 088 | _aMM2963 | ||
| 245 | 0 | 0 |
_aEnsueños y otras fantasías / _cselección Beatriz Helena Robledo ; ilustraciones Santiago Guevara. |
| 250 | _aPrimera edición. | ||
| 264 | 1 |
_aBogotá, Colombia : _bMinisterio de las Culturas, las Artes y los Saberes, _c2024. |
|
| 300 |
_a1 libro digital (52 páginas) : _bilustraciones a color. |
||
| 336 |
_2texto _atxt _brdacontent |
||
| 337 |
_2computador _ac _brdamedia |
||
| 338 |
_2recurso en línea _acr _brdacarrier |
||
| 347 |
_aArchivo de texto _bEPUB |
||
| 490 | 0 | _aNarrativa | |
| 490 | 0 | _aLectores intermedios | |
| 490 | 0 |
_aLeer es mi cuento ; _v62 |
|
| 500 | _aRegistro de la Biblioteca Digital en español MakeMake. | ||
| 520 | 3 | _aA careful selection of Colombian authors from different periods who have thought about young readers. Fun stories to enjoy and share with the family. Readers will have fun with the demands of a girl who wants to have the sea in her room, with a skeleton who dreams of a cup of chocolate, a boy in love with a Swedish girl, a city built on the back of a sleeping dragon. They are all characters in these stories created for the delight of young readers and the enjoyment of their families. In these stories, animals, flowers and humans have a place in the world and those who welcome them in a natural and loving way are children. Readers will find the countryside and nature expressed at its best. | |
| 521 | _aRecomendado para niños a partir de los 7 años de edad. | ||
| 650 | 1 | 7 |
_aFriendship _vTales _2ARMARC _969200 |
| 650 | 1 | 7 |
_aAdventures _zColombia _vTales _2ARMARC _969201 |
| 650 | 1 | 7 |
_aFantasy _vTales _2ARMARC _969202 |
| 700 | 1 |
_aRobledo, Beatriz Helena, _eselección. _914862 |
|
| 700 | 1 |
_aGuevara, Santiago, _eilustrador. |
|
| 856 | 4 | 0 |
_3Mákina Editorial _uhttps://makemake.com.co/fichas/MM2963/ensuenos-y-otras-fantasias |
| 856 | 4 | 0 |
_3Portada _uhttps://makemake.com.co/fichas/MM2963/art/portadaThumb.jpg |
| 942 |
_2ddc _cBK |
||
| 999 |
_c60585 _d60585 |
||